Global environmental governance should be participatory: five problems of scale (Record no. 509672)

000 -LEADER
fixed length control field 01472nam a2200157 4500
008 - FIXED-LENGTH DATA ELEMENTS--GENERAL INFORMATION
fixed length control field 190517b ||||| |||| 00| 0 eng d
100 ## - MAIN ENTRY--PERSONAL NAME
Personal name Gunderson, Ryan
245 ## - TITLE STATEMENT
Title Global environmental governance should be participatory: five problems of scale
260 ## - PUBLICATION, DISTRIBUTION, ETC. (IMPRINT)
Date of publication, distribution, etc 2018
300 ## - PHYSICAL DESCRIPTION
Extent p.715-737.
520 ## - SUMMARY, ETC.
Summary, etc The goals of this project are twofold: (1) to show how research on, and normative-theoretical justifications for, public participation in environmental decision-making can inform discussions about how to improve global environmental governance (GEG) and (2) to present a series of questions that follow any attempt to scale up results from research on local, regional, and national public participation to meet global environmental challenges. It seeks to clarify what the ‘problem of scale’ means for democratizing GEG by classifying, and proposing partial answers to, multiple problems of scale: (1) The social barriers question: What political-economic barriers stand in the way? (2) The institutional formation question: What institutions need (re)forming? (3) The ‘who’ question: Who should participate and how should they be selected? (4) The procedural question: How and when should the global public participate? (5) The evaluative question: What are the criteria for process and outcome evaluation? - Reproduced.
650 ## - SUBJECT ADDED ENTRY--TOPICAL TERM
Topical term or geographic name as entry element Global governance
9 (RLIN) 5784
773 ## - HOST ITEM ENTRY
Main entry heading International Sociology
906 ## - LOCAL DATA ELEMENT F, LDF (RLIN)
Subject DIP Environment
942 ## - ADDED ENTRY ELEMENTS (KOHA)
Source of classification or shelving scheme
Item type Articles
Holdings
Withdrawn status Lost status Source of classification or shelving scheme Damaged status Not for loan Permanent location Current location Date acquired Serial Enumeration / chronology Barcode Date last seen Koha item type
          Indian Institute of Public Administration Indian Institute of Public Administration 2019-05-17 33(6), Nov, 2018: p.715-737. AR119792 2019-05-17 Articles

Powered by Koha